00484cam a22001457a 4500008004000000082001500040100002000055245007900075260003200154300001000186500000900196650002800205999001900233952008600252180718b1960 xxu||||| |||| 00| 0 eng d aA6x68 A155 aAllighan, Garry aCurtain-up on South Africa: presenting a national dramacby Garry Allighan aLondonbT.V. Boardmanc1960 a276p. a21/- aAfrica, South - History c357654d357654 00104070aIIPAbIIPAd1994-01-14oA6x68 A155p22952r2018-07-21w2018-07-21yBK